| 000 | 00539nam a2200193Ia 4500 | ||
|---|---|---|---|
| 001 | 11633 | ||
| 003 | GE_BSU | ||
| 008 | 181216s||||||||xx |||||||||||||| ||und|| | ||
| 020 | _a01303864 | ||
| 040 | _cGE_BSU | ||
| 245 | _aНовая и новейшая история. №4. 2014. июль-август. | ||
| 245 | _cГл.ред. Согрин В.В. и др. | ||
| 260 | _aМосква | ||
| 260 | _bНаука | ||
| 260 | _c2014 | ||
| 300 | _a224ст;24см. | ||
| 653 | _aНовая и новейшая история | ||
| 942 | _cCR | ||
| 999 |
_c44822 _d44822 |
||